Quizzes
Events
Quiz Creation
Community
Videos
Private Events
Remove Ads
Sign In
Join for FREE
Feedback
Dark Mode
Quiz Categories
Sports
Geography
Music
Movies
Television
Just For Fun
Miscellaneous
History
Literature
Language
Science
Gaming
Entertainment
Religion
Holiday
For Kids
Quiz Lab
Recent
Popular Today
Quiz Kudos Today
Editor Picks
Curator Picks
Quizzes by...
Day
Popularity
Type
Ratings
Length
Year
Community
Subscriptions
Recent Discussions
Orange Saloon
Badges
Playlists
Quests
Create
Leaderboards
Showdown
Live 5
Trivia Bingo
Activity
Puzzle Library
Sporcle Events
Private Events
Virtual Trivia
Globe League
Become a Host
Pub Owners
SporcleCon
Opinionation
Our Games
Videos
Blog
Mobile Apps
Partnerships
Remove Ads and Go Orange
Feedback
Sports
Athletes
MLB
NBA
NHL
NFL
Soccer
Sports Teams
WWE
NCAA
Football
Premier League
Basketball
Baseball
Hockey
Golf
Tennis
Cricket
Rugby
Auto Racing
Olympics
World Cup
Sports
Athletes
MLB
NBA
NHL
NFL
Soccer
Sports Teams
WWE
NCAA
Football
Premier League
Basketball
Baseball
Hockey
Golf
Tennis
Cricket
Rugby
Auto Racing
Olympics
World Cup
Random Quiz
Search Sporcle
×
Quiz Lab
Quiz Lab
Sports
NHL
Type in answers that appear in a list
Type in answers that appear in a list
Classic
Best Score? Go Orange.
A-Z NHL Assist Leaders Stats
Can you name the A-Z NHL Assist Leaders?
By
Ben
6m
25 Questions
530 Plays
530 Plays
530 Plays
Comments
Comments
Give Quiz Kudos
Give Quiz Kudos
-
- Ratings
hide this ad
More Info
Replay
Link that replays current quiz
Next Quiz
Link to next quiz in quiz playlist
You Got
0%
They Got
Avg Score
63%
Avg Friend Score
Upgrade to see
Score Distribution
Jump to the score distribution portion of the page
Score
0/25
Timer
06:00
0
Plays Today
Letter
Player
% Correct
G
Wayne Gretzky
97.4%
H
Gordie Howe
87.4%
M
Mark Messier
85.3%
Y
Steve Yzerman
83.8%
L
Mario Lemieux
81.3%
J
Jaromir Jagr
78.3%
B
Raymond Bourque
77.7%
I*
Jarome Iginla
74.7%
F
Ron Francis
74.3%
D
Marcel Dionne
73%
C
Paul Coffey
72.5%
O
Adam Oates
71.9%
S
Joe Sakic
68.5%
Letter
Player
% Correct
E
Phil Esposito
67.4%
K
Jari Kurri
63.2%
R*
Mark Recchi
60.2%
T
Bryan Trottier
59.6%
Q
Dan Quinn
51.5%
A
Dave Andreychuk
47.5%
U
Norm Ullman
43.6%
Z
Sergei Zubov
39.6%
P
Gilbert Perreault
38.5%
W*
Doug Weight
36.8%
V
Pat Verbeek
33%
N
Bernie Nicholls
26.8%
Quiz Playlist
Details
Report
Send in Message
Add To Playlist
More Info:
*=Active
Classic:
Type in answers that appear in a list
Quiz Source
Last Updated: Feb 16, 2017
Quiz Scoreboard
CHALLENGE
Sign Up to Join the Scoreboard
Show All
Scores
Hide
Comments
May contain spoilers
Recently Published
Alphabetical 'K' Countries by Flag Minefield
by ylime102
Geography
3m
Pick 6: Fruits
by JohnFran
Miscellaneous
15s
Click the 1999 NBA Draft
by nibperrychub
Sports
2m
More to Explore
Quiz From the Vault
Featured Blog Post
15 Basketball Trivia Facts You Can Be March Mad About
hide this ad
You Might Also Like...
Tags
Letter Quiz
NHL Quiz
A-Z
assist
Player
Today's Top Quizzes in Sports
Browse Sports
hide this ad
Today's Top Quizzes in NHL
Browse NHL
Top Contributed Quizzes in Sports
1
Pick 6: NFL Teams
2
MLB 2 truths and a lie: Hall of Fame pitchers
3
Les joueurs à 100 buts en Ligue 1 Uber Eats
4
Don't Strike Out: 3000 Strikeouts
5
Criteria MLB: Left Handed Sluggers
6
Pick 6: Minor League Baseball
7
2022 World Cup Stars
8
Click the 1998 NBA Draft
9
Millionaire: NBA Finals Edition
10
MLB Players with Two .350 Batting Average Seasons
Explore More
Trending Topics
Anime
Harry Potter
Disney
Kpop
NBA
Marvel
Crossword
Soccer
Puzzle
WWE
Song
Pokémon
Country
NFL
The Office
hide this ad
More By:
Ben
Quiz
Plays
Rating
Category
Featured
Created
Disney Songs
2,280,673
4.11
Movies
Jan 30, 2009
NCAA Helmets
1,114,389
4.53
Sports
Oct 16, 2009
NBA Finals MVPs
918,052
4.69
Sports
Nov 28, 2008
4-Letter Countries
876,662
4.70
Geography
Feb 19, 2009
Candy Slogans
861,290
3.93
Entertainment
May 15, 2009
Go to Creator's Profile
Score Distribution
Quiz Creator Spotlight
Ben
Follow
Send a Message
Quizzes Created
-
Created Quiz Play Count
-
More By This Creator
Popular Quizzes Today
1
Find the US States - No Outlines Minefield
2
Countries of Asia Without Outlines Minefield
3
Pick 6: Fruits
4
Alphabetical 'K' Countries by Flag Minefield
5
The Countries of the World
6
Find the US States
7
Match the Book to the Film X
8
Click the 1999 NBA Draft
More Sports Quizzes
Colts 150 Games Quiz
Quiz Lab
Trending Quizzes
Pick 6: Mountains
Pick 6: Harry Potter
Pick 6: NFL Teams
Pick 6: Movie Franchises
Pick 6: Golfers
Recently Updated
NWSL Teams
pecheneg
Women's Final Four Teams by Year
bhenderson79
Presidents Quartet II
eogle
Anything But Clue(do)
eogle
Anything But Oceanian Capitals
eogle
Anything But 7
eogle
Anything But Thing
eogle
Word Ladder: February 29
pecheneg
Song Title Questions
pecheneg
Women's NCAA Tournament #1 Seeds
pecheneg
Trending Topics
Harry Potter
Kpop
Anime
Disney
Marvel
Crossword
NBA
Pokémon
Puzzle
Country
Song
WWE
The Office
NFL
Soccer
Your Account Isn't Verified!
In order to create a playlist on Sporcle, you need to verify the email address you used during registration. Go to your
Sporcle Settings
to finish the process.
Report this User
Report this user for behavior that violates our
Community Guidelines
.
Details:
Send Report
Go to the Sporcle.com Mobile Site →
Comments